000 01683cam a2200253 i 4500
003 OCoLC
005 20210216111624.0
008 160615s2002 ck r 001 0 spa d
020 _a9588087937
020 _a9789588087931
040 _aDLC
_cCO-JMCR
082 0 4 _a344.8861 /
_bM578a
_223
100 1 _aMesa Nieves, Luis Eduardo,
_eautor
_913504
245 1 3 _aLa actividad contractual y la responsabilidad en la administración pública :
_belementos para determinar la responsabilidad del servidor público y los particulares, enfoque disciplinario fiscal y penal, nuevo sistema de vigilancia para la contratación estatal, SICE : legislación y jurisprudencia aplicables /
_cLuis Eduardo Mesa Nieves
250 _aPrimera edición.
260 _aMedellín, Colombia :
_bEdiciones Jurídicas Gustavo Ibáñez,
_c2002
300 _a250 páginas ;
_c24 cm.
504 _aBibliográfica (páginas 241-244) e índice.
505 0 _aLa responsabilidad en relación con el estado -- La responsabilidad del estado -- La responsabilidad del servidor público derivada de la actividad contractual -- La responsabilidad del servidor público derivada de la actividad contractual desde el punto de vista fiscal - responsabilidad fiscal de los particulares -- Sistema de información para vigilancia de la contratación estatal. SICE. la modernización tecnológica al servicio del control en la actividad contractual -- La responsabilidad penal derivada de la actividad contractual
650 1 4 _aContratos públicos
_xLegislación
_zColombia
_913052
650 2 4 _aContratos públicos
_zColombia
_913505
650 2 4 _aResponsabilidad administrativa
_zColombia
_913506
942 _2ddc
_cBK
999 _c7196
_d7196